[Event "4th Zurich CC Blitz"]
[Site "Zurich SUI"]
[Date "2015.02.13"]
[Round "1"]
[White "Karjakin, Sergey"]
[Black "Anand, V."]
[Result "0-1"]
[WhiteElo "2760"]
[BlackElo "2797"]
[Annotator "Ramirez Alvarez,Alejandro"]
[PlyCount "116"]
[EventDate "2015.02.13"]

1. e4 e5 2. Nf3 Nc6 3. Nc3 Nf6 4. d4 exd4 5. Nxd4 Bb4 6. Nxc6 bxc6 7. Bd3 O-O
8. O-O d5 9. exd5 cxd5 10. h3 Rb8 11. Qf3 Bb7 12. Bg5 h6 13. Bxf6 Qxf6 14. Qxf6
gxf6 15. Ne2 Bd6 16. Ng3 Bc8 17. b3 Re8 18. Rad1 Kf8 19. f4 Bb4 20. Kh2 Rb6 21.
Rf3 Rd6 22. Nh5 Re1 23. Rxe1 Bxe1 24. Re3 Bd2 25. Rg3 f5 26. Rf3 d4 27. Ng3 Rf6
28. a4 a5 29. Nf1 Bb4 30. Rf2 Bb7 31. Nd2 Bc3 32. Kg1 Bd5 33. Nc4 Bxc4 34. bxc4
Rb6 35. Re2 Rb4 36. Re5 Rxa4 37. Rxf5 Ra1+ 38. Kf2 a4 39. Rc5 Re1 40. Rxc7 Re7
41. Rc8+ Re8 42. Rxe8+ Kxe8 43. c5 a3 44. Bc4 Ke7 45. Kf3 Bb4 46. c6 f6 47. Ke4
Kd6 48. Kf5 Bc3 49. h4 Bd2 50. g3 Be1 51. Kxf6 Bxg3 52. f5 $2 {Risky, and
objectively losing. It was not too late to switch back and make a draw.} (52.
h5 $1 Bxf4 53. Kf5 Bg3 (53... Be3 54. Bd5 Bg5 55. Ke4 {and even though White
will lose c6 eventually due to zugzwang, the resulting endgame is a draw as he
can comfortably defend all of his pawns.}) 54. Ke4 $11) 52... Bxh4+ 53. Kg7
Kxc6 54. Kxh6 (54. f6 Bxf6+ 55. Kxf6 Kc5 56. Bf7 Kb4 57. Kg6 (57. Ke5 Kc3 58.
Be6 h5 {the h-pawn simply marches forward, eventually causing the king to go
and catch it. Black captures on c2, pushes his d-pawn, forcing the bishop to
sacrifice itself for the pawn, leaving the a-pawn alone to queen.}) 57... Kc3 {
is losing for White. He cannot play Bb3 as d3 is crushing.} 58. Bb3 d3 $19)
54... Kc5 55. Be6 Kb4 56. Kh5 Bd8 57. Kg4 Kc3 58. Kf3 Kxc2 0-1

[Event "4th Zurich CC Blitz"]
[Site "Zurich SUI"]
[Date "2015.02.13"]
[Round "2"]
[White "Anand, V."]
[Black "Kramnik, V."]
[Result "1-0"]
[WhiteElo "2797"]
[BlackElo "2783"]
[Annotator "Ramirez Alvarez,Alejandro"]
[PlyCount "61"]
[EventDate "2015.02.13"]

1. Nf3 d5 2. c4 d4 3. g3 Nc6 4. Bg2 e5 5. d3 Bb4+ 6. Bd2 a5 7. O-O Nge7 8. Bxb4
axb4 9. Nbd2 O-O 10. a3 bxa3 11. Qb3 Bg4 12. Rxa3 Rb8 13. h3 Bh5 14. c5 Kh8 15.
g4 Bg6 16. Nh4 f6 17. Nxg6+ Nxg6 18. Ne4 Nh4 19. Ng3 Nxg2 20. Kxg2 Ne7 21. h4
Qd7 22. f3 Nd5 23. Rfa1 Ne3+ (23... h5 $1 24. Nxh5 f5 $1 {and Black crashes
through, though this continuation is far from obvious - sacrificing a pawn
doesn't seem so logical, especially after White can close the position with 25.
g5, but that is not where his problems end.} 25. g5 f4 $1 26. Kf2 Qf7 $1 $19 {
Suddenly the knight on h5 is trapped!}) 24. Kf2 Qe7 25. Ra7 f5 $6 26. g5 e4 27.
Rxb7 Rxb7 $2 (27... Rbd8 $1 $19) 28. Qxb7 exd3 29. exd3 Nc2 $4 {Perhaps
overlooking White's defensive resources.} 30. Ra8 Re8 31. Qc8 (31. Qc8 $1 Qe1+
32. Kg2 {and the knight on e2 is very securely protecting his king!} Ne3+ 33.
Kh3 {and Black is getting mated, while Black has no immediate threats.}) 1-0

[Event "4th Zurich CC Blitz"]
[Site "Zurich SUI"]
[Date "2015.02.13"]
[Round "2"]
[White "Karjakin, Sergey"]
[Black "Caruana, F."]
[Result "0-1"]
[WhiteElo "2760"]
[BlackElo "2811"]
[Annotator "Ramirez Alvarez,Alejandro"]
[PlyCount "62"]
[EventDate "2015.02.13"]

1. Nf3 g6 2. c4 Bg7 3. d4 f5 4. Nc3 Nf6 5. g3 O-O 6. Bg2 d6 7. O-O c6 8. b3 Qc7
9. Ba3 Ne4 10. Bb2 Nxc3 11. Bxc3 e5 12. dxe5 dxe5 13. e4 f4 14. c5 Bg4 15. b4
Nd7 16. Qb3+ Kh8 17. Rad1 b6 18. cxb6 axb6 19. h3 Bxf3 20. Bxf3 b5 21. h4 Nb6
22. h5 {The pair of bishops is only an advantage when those bishops have long
diagonals to breathe in. Here it is clear that they are shut out, and Black
has a powerful knight to coordinate with his a-rook!} Nc4 23. hxg6 Ra3 $1 {
It's not necessary to take on g6! Caruana pushes his initiative forward.} 24.
Qc2 fxg3 25. Rd3 (25. fxg3 Ne3 $17 (25... Qa7+ $1 $19)) 25... Qa7 $1 {The
coordination of Black is impressive. His attack on the kingside is very strong,
even though he only has one rook on that side of the board! (The bishop
doesn't really count as it is not part of the attack yet).} 26. Qd1 Rxa2 27.
Rd7 Qxf2+ $1 {Flashy but not the only way to win...} (27... gxf2+ 28. Kh2 Qe3
$19) 28. Rxf2 gxf2+ 29. Kh1 Ne3 {Attacking the queen and threatening f1} 30.
Bxe5 Bxe5 31. Rxh7+ Kg8 {White is out of resources, for example:} (31... Kg8
32. Qb3+ Nc4 33. Kg2 Rb2 $1 $19 (33... Rxf3 34. Qxf3 f1=Q+ 35. Kxf1 Nd2+ {is
also very good.})) 0-1

[Event "4th Zurich CC Blitz"]
[Site "Zurich SUI"]
[Date "2015.02.13"]
[Round "4"]
[White "Anand, V."]
[Black "Nakamura, Hi"]
[Result "1-0"]
[WhiteElo "2797"]
[BlackElo "2776"]
[Annotator "Ramirez Alvarez,Alejandro"]
[PlyCount "123"]
[EventDate "2015.02.13"]

1. e4 c5 2. Nf3 d6 3. Bb5+ Bd7 4. Bxd7+ Nxd7 5. O-O Ngf6 6. Qe2 Rc8 7. b3 g6 8.
Bb2 e5 9. c4 Bg7 10. d3 O-O 11. Nc3 Nh5 12. Nd5 Nb8 13. a3 Nc6 14. b4 b6 15.
Bc1 f5 16. b5 fxe4 17. Qxe4 Ne7 18. Bg5 Nf6 19. Bxf6 Bxf6 20. a4 Nxd5 21. Qxd5+
Kg7 22. Ra2 Qc7 23. Nd2 Rcd8 24. Ne4 Qf7 25. Nc3 e4 26. Qxf7+ Rxf7 27. Nxe4 d5
28. Nxf6 Kxf6 29. a5 dxc4 30. dxc4 Rd4 31. Rc1 Rfd7 32. Kf1 h5 33. g3 R7d6 34.
h4 Re4 35. axb6 axb6 36. Ra8 Kf7 37. Rc3 Kg7 38. Kg2 Rd7 39. Rb8 Re6 40. Re3
Rf6 41. Ree8 Rd2 42. Rg8+ Kh7 43. Rh8+ Kg7 44. Rbg8+ Kf7 45. Rf8+ Ke7 46. Rxf6
Kxf6 47. Rb8 Rd6 48. Kf3 Kf5 49. Rf8+ Ke5 50. Ke3 Rd4 51. Rb8 Rd6 52. Rc8 Re6
53. Rc6 $1 {World Champion technique: even in blitz Anand is able to quickly
evaluate that this is a winning pawn endgame. Black has no choice but to take.}
Rxc6 54. bxc6 Kd6 55. f4 $1 Kxc6 56. g4 $1 Kd6 (56... hxg4 57. f5 Kd7 58. fxg6
Ke7 59. Kf4 {is hopeless as Black cannot break through on b5:} b5 60. cxb5 c4
61. g7 Kf7 62. b6 c3 63. b7 c2 64. g8=Q+ Kxg8 65. b8=Q+ {a typical technique:
The pawn promotes with check and wins the race.}) 57. gxh5 gxh5 58. Ke4 Ke7 59.
Ke5 Kf7 60. f5 Ke7 61. f6+ Kf7 62. Kf5 {the pawn endgame is completely
hopeless.} 1-0

[Event "4th Zurich CC Blitz"]
[Site "Zurich SUI"]
[Date "2015.02.13"]
[Round "4"]
[White "Karjakin, Sergey"]
[Black "Kramnik, V."]
[Result "1-0"]
[WhiteElo "2760"]
[BlackElo "2783"]
[Annotator "Ramirez Alvarez,Alejandro"]
[PlyCount "75"]
[EventDate "2015.02.13"]

1. e4 e5 2. Nf3 Nc6 3. Nc3 Nf6 4. d4 exd4 5. Nxd4 Bb4 6. Nxc6 bxc6 7. Bd3 O-O
8. O-O d5 9. exd5 cxd5 10. h3 c6 11. Qf3 Re8 12. Bg5 Rb8 13. Rad1 Be6 14. Ne2
Be7 15. Nd4 Bd7 16. b3 Ne4 17. Bf4 Rb4 18. Bxe4 dxe4 19. Qg3 Qc8 20. c4 c5 21.
Nc2 Rb6 22. Bd6 Bf6 23. Ne3 Be6 24. Rd2 Bd4 25. Rxd4 $1 {A very nice
positional sacrifice. White, by giving up a rook, destroys the pair of bishops,
creates threats against his opponent king, creates a passed pawn and obtains a
strong dark-squared initiative. Who needs a miserable rook when you can have
all that for it!?} cxd4 26. Be5 f6 27. Bxd4 (27. Bxf6 Qd7 {is not so clear.})
27... Ra6 28. Bxf6 Qb7 29. Be5 Rxa2 30. Rd1 Rf8 31. c5 Qf7 32. Rf1 $6 (32. Rd6
$1 {is very strong as Rxe6 is a far more serious threat than anything on f2,
that being said it is not the easiest move to see in blitz.} Bxb3 (32... Rxf2
33. Rxe6 $18) 33. Nf5 $1 $18) 32... Bxb3 33. Ng4 Ra6 34. Bd6 $1 Qe6 35. Bxf8
Kxf8 36. Qb8+ Kf7 37. Ne5+ Kf6 38. f4 {The attack is clearly decisive.} 1-0

[Event "4th Zurich CC Blitz"]
[Site "Zurich SUI"]
[Date "2015.02.13"]
[Round "5"]
[White "Kramnik, V."]
[Black "Caruana, F."]
[Result "0-1"]
[WhiteElo "2783"]
[BlackElo "2811"]
[Annotator "Ramirez Alvarez,Alejandro"]
[PlyCount "146"]
[EventDate "2015.02.13"]

1. Nf3 g6 2. g3 Bg7 3. Bg2 f5 4. d4 Nf6 5. O-O O-O 6. c4 d6 7. Nc3 c6 8. Rb1
Na6 9. b4 Ne4 10. Nxe4 fxe4 11. Nd2 d5 12. b5 Nc7 13. e3 Bf5 14. bxc6 bxc6 15.
Qa4 Rf6 16. Ba3 Bd7 17. Qa5 Bf8 18. cxd5 cxd5 19. Rb7 Rc6 20. Rc1 e6 21. Nb3
Bxa3 22. Qxa3 Nb5 23. Rxc6 Bxc6 24. Rxb5 Bxb5 25. Nc5 Qd6 26. Bh3 Bd7 27. Qa5
Bc8 28. Qb5 Kf7 29. Bxe6+ Ke7 30. Bxc8 Rxc8 31. Qb7+ Rc7 32. Qb3 Rc6 33. Qa4
Qc7 34. Kg2 Qb6 35. h4 Rc7 36. Qd1 Qf6 37. Qb3 Qc6 38. Qb8 Rc8 39. Qxa7+ Qc7
40. Qa4 Qc6 41. Qa7+ Qc7 42. Qa6 Qc6 43. Qe2 Ra8 44. h5 Kf7 45. a4 Qf6 {By all
means it is clear that White is the one pushin for a win. He has two pawns for
his exchange, and the safer king. However Black should be ok as White's knight
must stay on c5 to defend the a4 pawn and there is no clear way to add
pressure on the kingside.} 46. Qg4 Kg8 47. hxg6 hxg6 48. Nd7 Qf5 49. Qxf5 gxf5
{With the treate of bishops a draw is the most likely result.} 50. Nb6 (50.
Nf6+ Kf7 51. Nxd5 Rxa4 $11) 50... Ra5 51. g4 Kf7 52. gxf5 Kf6 53. Nd7+ $6 (53.
f3 {it was about time to settle down for the draw. Exchanging some pawns makes
the draw trivial.}) 53... Kxf5 54. Nc5 Kg4 55. Kf1 $2 {Too passive! This gives
Black excellent winning chances by swinging his rook to the kingside.} Kf3 56.
Ke1 (56. Nd7 {was necessary, with the small threat of 57.Ne5 mate!} Kg4 57. Kg2
$1 $11) 56... Ra8 {Now it is all over. The White king must abandon f2 and the
a4-pawn provides no counterplay.} 57. Kf1 Rb8 58. Ke1 Rb1+ 59. Kd2 Kxf2 60. a5
Ra1 61. a6 Ra2+ 62. Kc3 Kxe3 {The rest is trivial.} 63. Kb3 Ra1 64. Kb2 Ra5 65.
Kc3 Kf2 66. Kb4 Ra1 67. Kb5 e3 68. Nd3+ Ke2 69. Nf4+ Kf3 70. Nd3 e2 71. Kb6 Ke3
72. Nb4 Rb1 73. Kc5 Rxb4 0-1

[Event "4th Zurich CC Blitz"]
[Site "Zurich SUI"]
[Date "2015.02.13"]
[Round "5"]
[White "Nakamura, Hi"]
[Black "Karjakin, Sergey"]
[Result "1-0"]
[WhiteElo "2776"]
[BlackElo "2760"]
[Annotator "Ramirez Alvarez,Alejandro"]
[PlyCount "59"]
[EventDate "2015.02.13"]

1. b3 d5 2. Nf3 c5 3. e3 Nc6 4. Bb5 Nf6 5. Bxc6+ bxc6 6. Bb2 e6 7. d3 Bd6 8. c4
O-O 9. Nc3 e5 10. e4 d4 11. Ne2 Nh5 12. Ng3 Nf4 13. O-O g6 14. Bc1 Ne6 15. Bh6
Re8 16. Qd2 f6 17. Kh1 a5 18. h3 Qe7 19. Qd1 Nd8 20. Bd2 Nf7 21. Nh2 f5 22.
exf5 gxf5 23. f4 exf4 24. Nh5 Ra7 25. Re1 Ne5 26. Bxf4 Qh4 $2 (26... Qf7 $13 {
The game continues with a very unclear position.}) 27. Bg3 $2 {Nakamura
doesn't see the blow at first...} Qg5 28. Bf4 Qh4 $2 (28... Qg6 $1 29. Nf3 Qxh5
$11) 29. g3 $1 {Now it is clear that the queen cannot take on h3 because of
the fork on e8, and it must retreat to a losing square.} Qd8 (29... Qxh3 30.
Nf6+ Kh8 31. Nxe8 Ng4 32. Re2 {is not even close to compensation for the
"sacrificed" rook.}) 30. Nf3 $1 {The ping down the e-file is lethal!} (30. Nf3
{There is no good way of defending the e5 knight.} Rae7 (30... Nxf3 31. Rxe8+
Qxe8 32. Nf6+ $18) 31. Nf6+ $18) 1-0